Baby animals : (Record no. 6995)

MARC details
000 -LEADER
fixed length control field 01267nam a22003017a 4500
001 - CONTROL NUMBER
control field 6995
003 - CONTROL NUMBER IDENTIFIER
control field FISKH
005 - DATE AND TIME OF LATEST TRANSACTION
control field 20250709094858.0
008 - FIXED-LENGTH DATA ELEMENTS--GENERAL INFORMATION
fixed length control field 250617b cb ||||| |||| 00| 0 eng d
020 ## - INTERNATIONAL STANDARD BOOK NUMBER
International Standard Book Number 9781842367476
040 ## - CATALOGING SOURCE
Original cataloging agency FISKH
Language of cataloging eng
Transcribing agency FISKH
Modifying agency FISKH
050 ## - LIBRARY OF CONGRESS CALL NUMBER
Classification number QL763.P373
082 ## - DEWEY DECIMAL CLASSIFICATION NUMBER
Classification number 591.39
100 ## - MAIN ENTRY--PERSONAL NAME
Personal name Parker, Steve
245 ## - TITLE STATEMENT
Title Baby animals :
Remainder of title Young animals in natural surroundings /
Statement of responsibility, etc. by Steve Parker ; Illustrated by Ian Jackson
260 ## - PUBLICATION, DISTRIBUTION, ETC.
Place of publication, distribution, etc. Bardfield :
Name of publisher, distributor, etc. Milkelly,
Date of publication, distribution, etc. 2006.
300 ## - PHYSICAL DESCRIPTION
Extent 24 pages :
Other physical details collor illustrations ;
Dimensions 19 cm
490 ## - SERIES STATEMENT
Series statement Things you know should know about
505 ## - FORMATTED CONTENTS NOTE
Formatted contents note P<br/>
520 ## - SUMMARY, ETC.
Summary, etc. It's hard not to love the cuddly cuteness of some of nature's youngest creatures. This book introduces readers to some lovable baby animals. Uncomplicated captions complement incredibly detailed illustrations of some critters at the cutest stage of their life cycles. Fun fact boxes add excellent tidbits and educational activities for animal lovers to try are included.
521 8# - TARGET AUDIENCE NOTE
Target audience note 600<br/>
Source Lexile estimate <br/>
521 8# - TARGET AUDIENCE NOTE
Target audience note P<br/>
Source Raz-Plus<br/>
650 ## - SUBJECT ADDED ENTRY--TOPICAL TERM
Topical term or geographic name entry element Baby animals
Form subdivision Information
650 ## - SUBJECT ADDED ENTRY--TOPICAL TERM
Topical term or geographic name entry element Life cycle
Form subdivision Living things
General subdivision Nature
700 ## - ADDED ENTRY--PERSONAL NAME
Personal name Jackson, Ian
Relator term illustrator
942 ## - ADDED ENTRY ELEMENTS (KOHA)
Source of classification or shelving scheme Dewey Decimal Classification
Koha item type Books
Suppress in OPAC No
Holdings
Withdrawn status Lost status Source of classification or shelving scheme Damaged status Not for loan Collection Home library Current library Shelving location Date acquired Total Checkouts Full call number Barcode Date last seen Date last checked out Copy number Price effective from Koha item type
    Dewey Decimal Classification     Non-Fiction Footprints International School Library Network Toul Kork Campus Footprints International School Library Network Toul Kork Campus TK Primary Library Room(4th Floor), Bookcase 3&4, Shelves 17-32, Yellow Books 06/17/2025 1 PAR 591.39 QL763.P373 FISBK05945 04/03/2026 03/20/2026 1 06/17/2025 Books
    Dewey Decimal Classification     Non-Fiction Footprints International School Library Network Toul Kork Campus Footprints International School Library Network Toul Kork Campus TK Primary Library Room(4th Floor), Bookcase 3&4, Shelves 17-32, Yellow Books 07/09/2025   PAR 591.39 QL763.P373 FISBK05667 07/09/2025   2 07/09/2025 Books